[Event "Sparkassen Open A"]
[Site "Dortmund GER"]
[Date "2010.07.20"]
[Round "4"]
[White "Kahleys,K"]
[Black "Roehrich,S"]
[Result "1/2-1/2"]
[WhiteElo "2071"]
[BlackElo "2142"]

1.Nf3 Nf6 2.c4 g6 3.g3 Bg7 4.d4 O-O 5.Bg2 d6 6.Nc3 Nbd7 7.O-O e5 8.e4 Re8
9.h3 c6 10.Re1 Qc7 11.Be3 a5 12.Rc1 exd4 13.Nxd4 Nc5 14.Qc2 Be6 15.b3 Nfd7
16.Rcd1 Rad8 17.f4 f5 18.Qf2 Bf7 19.Qc2 Be6 20.Qf2  1/2-1/2

[Event "Heini Olsen Memorial"]
[Site "Klaksvik FAI"]
[Date "2010.07.21"]
[Round "2"]
[White "Grabarczyk,M"]
[Black "Jones,G"]
[Result "1/2-1/2"]
[WhiteElo "246"]
[BlackElo "2568"]

1.d4 Nf6 2.c4 g6 3.Nf3 Bg7 4.g3 O-O 5.Bg2 d6 6.Nc3 Nbd7 7.O-O e5 8.e4 c6
9.h3 Qa5 10.dxe5 Nxe5 11.Nxe5 dxe5 12.Qc2 Be6 13.b3 b5 14.cxb5 cxb5 15.Bd2 Qc7
16.Rac1 Qb7 17.Bg5 h6 18.Bxf6 Bxf6 19.Nd5 Bg5 20.Rcd1 Qc8 21.Qb2 Qb8  1/2-1/2

[Event "Sparkassen Open A"]
[Site "Dortmund GER"]
[Date "2010.07.22"]
[Round "6"]
[White "Schuelke,T"]
[Black "Pedersen,LarsW"]
[Result "1-0"]
[WhiteElo "2053"]
[BlackElo "1850"]

1.g3 d6 2.d4 g6 3.Nf3 Bg7 4.Bg2 Nf6 5.c4 O-O 6.Nc3 Nbd7 7.O-O Ne8 8.Rb1 f5
9.e4 Nb6 10.Qb3 Be6 11.d5 fxe4 12.Ng5 Bc8 13.Bh3 Bxh3 14.Nxh3 Qd7 15.Ng5 Qf5
16.Ne6 Nf6 17.Be3 Qh3 18.Nf4 Qg4 19.Nb5 g5 20.h3 Qf5 21.Nd4 Qd7 22.Nfe6 h6
23.Kg2 Rf7 24.Ra1 c5 25.Nf5 Bh8 26.Nxh6+ Kh7 27.Nxf7 Kg6 28.Nfxg5 Nh7 29.Nxh7 Kxh7
30.Qc2 Bf6 31.Qxe4+ Kg8 32.Bh6 Qe8 33.Nc7 Qh5 34.Nxa8 Nxa8 35.Qg4+  1-0

[Event "Sparkassen Open A"]
[Site "Dortmund GER"]
[Date "2010.07.22"]
[Round "6"]
[White "Naundorf,M"]
[Black "Tkachuk,K"]
[Result "1/2-1/2"]
[WhiteElo "2127"]
[BlackElo "2181"]

1.Nf3 Nf6 2.c4 g6 3.d4 Bg7 4.g3 O-O 5.Bg2 d6 6.O-O c6 7.Nc3 Nbd7 8.e4 e5
9.h3 Nh5 10.Be3 Qe8 11.d5 c5 12.Nb5 Qe7 13.Ne1 a6 14.Nc3 Rb8 15.a4 Nb6 16.b3 Na8
17.a5 b6 18.axb6 Rxb6 19.Nd3  1/2-1/2

[Event "3rd Open"]
[Site "Paleochora GRE"]
[Date "2010.07.22"]
[Round "2"]
[White "Borovikov,V"]
[Black "Maris,I"]
[Result "1-0"]
[WhiteElo "2601"]
[BlackElo "2144"]

1.d4 Nf6 2.Nf3 g6 3.c4 Bg7 4.g3 O-O 5.Bg2 d6 6.O-O c6 7.Nc3 Be6 8.d5 cxd5
9.cxd5 Bc8 10.h3 Nbd7 11.Nd4 a6 12.Be3 Re8 13.Rc1 Nf8 14.Qb3 e5 15.dxe6 Nxe6
16.Nxe6 fxe6 17.Rfd1 Qe7 18.Na4 d5 19.Nb6 Rb8 20.Bf4 e5 21.Bg5 Be6 22.Bxd5 h6
23.Bxe6+ Qxe6 24.Bxf6  1-0

[Event "6th WSCC U17"]
[Site "Kayseri TUR"]
[Date "2010.07.23"]
[Round "3"]
[White "Komut,B"]
[Black "Okay,I"]
[Result "1/2-1/2"]
[WhiteElo "2012"]
[BlackElo "1872"]

1.d4 Nf6 2.Nf3 g6 3.g3 Bg7 4.Bg2 O-O 5.c4 d6 6.O-O Nc6 7.Nc3 a6 8.Re1 Bd7
9.d5 Na5 10.Qd3 c5 11.e4 b5 12.cxb5 axb5 13.e5 Ng4 14.exd6 exd6 15.Bg5 Qb6
16.h3 Ne5 17.Nxe5 Bxe5 18.Bh6 Rfe8 19.Qf3 f5 20.Rac1 Nb7 21.a3 c4 22.g4 Nc5
23.Bf1 Nb3 24.Rcd1  1/2-1/2

[Event "Heini Olsen Memorial"]
[Site "Klaksvik FAI"]
[Date "2010.07.23"]
[Round "5"]
[White "Grabarczyk,M"]
[Black "Bekker Jensen,S"]
[Result "1-0"]
[WhiteElo "246"]
[BlackElo "2425"]

1.d4 Nf6 2.c4 g6 3.Nf3 Bg7 4.g3 O-O 5.Bg2 d6 6.Nc3 Nbd7 7.O-O e5 8.e4 c6
9.h3 Qa5 10.d5 cxd5 11.cxd5 b5 12.Nd2 b4 13.Nb3 Qc7 14.Nb1 a5 15.a4 Nb6 16.Be3 Ba6
17.Re1 Nc4 18.Bc1 Nd7 19.N1d2 Ncb6 20.Nxa5 Nc5 21.Nc6 Nd3 22.Re3 f5 23.exf5 gxf5
24.Rxd3 Bxd3 25.Nxb4 Ba6 26.Nf3 h6 27.Nh4 Bb5 28.b3 Be8 29.Bd2 e4 30.Rc1 Qb7
31.Bf4 Rf6 32.Be3 Nxa4 33.Bd4 Qxb4 34.Bxf6 Bxf6 35.bxa4 Bxh4 36.gxh4 Qb2
37.Ra1 Bh5 38.Qe1 Kh7 39.Rb1 Qg7 40.Kh1 Rxa4 41.Qe3 Ra7 42.Qf4 Qe5 43.Qxe5 dxe5
44.d6 Kg6 45.Rc1 Rd7 46.Rc6 Kf6 47.Bf1 Bf3+ 48.Kh2 f4 49.Rb6 Ra7  1-0

[Event "21st Czech GM Open"]
[Site "Pardubice CZE"]
[Date "2010.07.23"]
[Round "1"]
[White "Baryshpolets,A"]
[Black "Miskulin,D"]
[Result "1-0"]
[WhiteElo "2450"]
[BlackElo "2231"]

1.d4 Nf6 2.c4 g6 3.Nf3 Bg7 4.g3 d6 5.Bg2 O-O 6.O-O Nc6 7.Nc3 Bd7 8.d5 Na5
9.Nd2 c5 10.Qc2 a6 11.b3 b5 12.Bb2 Rb8 13.Rab1 Qc7 14.e4 bxc4 15.bxc4 Rb7
16.Ba1 Rfb8 17.Rxb7 Rxb7 18.h3 e6 19.f4 exd5 20.cxd5 Rb8 21.e5 Ne8 22.exd6 Nxd6
23.Nce4 Bf5 24.Bxg7 Bxe4 25.Nxe4 Nxe4 26.Be5 Nd6 27.f5 Nab7 28.Ba1 Nxf5 29.g4 Ng7
30.Qc3 f6 31.Qxf6 Nd6 32.Be5 Rd8 33.h4 Qd7 34.h5 gxh5 35.gxh5 Nc4 36.Bh3  1-0

[Event "Heini Olsen Memorial"]
[Site "Klaksvik FAI"]
[Date "2010.07.25"]
[Round "8"]
[White "Samuelsen,C"]
[Black "Ziska,H"]
[Result "0-1"]
[WhiteElo "2278"]
[BlackElo "2426"]

1.d4 Nf6 2.c4 g6 3.Nf3 Bg7 4.g3 O-O 5.Bg2 d6 6.O-O Nbd7 7.Nc3 e5 8.h3 a6
9.e4 b5 10.cxb5 axb5 11.b4 c6 12.Be3 exd4 13.Nxd4 Bb7 14.a4 bxa4 15.Rxa4 Re8
16.Re1 Ne5 17.Qb3 c5 18.bxc5 dxc5 19.Qxb7 Rxa4 20.Nxa4 cxd4 21.Rd1 Qa5 22.Rxd4 Qe1+
23.Kh2 Nfg4+ 24.hxg4 Nxg4+ 25.Kh3 Nxe3 26.Qb5 Qxf2 27.Qxe8+ Bf8 28.Bh1 Qf1+
29.Kh4 Qxh1+ 30.Kg5 Qh6+ 31.Kf6 Ng4+  0-1

[Event "21st Czech GM Open"]
[Site "Pardubice CZE"]
[Date "2010.07.26"]
[Round "4"]
[White "Espig,L"]
[Black "Folk,P"]
[Result "1/2-1/2"]
[WhiteElo "2383"]
[BlackElo "2240"]

1.Nf3 Nf6 2.c4 g6 3.d4 Bg7 4.g3 O-O 5.Bg2 d6 6.O-O c6 7.Nc3 Qa5 8.h3 Be6
9.Qd3 Qa6 10.b3 d5 11.Ne5 dxc4 12.Nxc4 Nbd7 13.Rd1 Rfd8 14.Rb1 Nb6 15.Nxb6 Qxd3
16.Rxd3 axb6 17.a4 Nd5 18.Nxd5 cxd5 19.Rd1 Bf5 20.Rb2 Rac8 21.Bg5 Rc7 22.g4 Be6
23.Bf4 Rc3 24.Bd2 Rc6 25.Bb4 Kf8 26.e3 Rdc8 27.Bf1 Rc1 28.Rb1 Rxd1 29.Rxd1 Ke8
30.Bd3 Bd7 31.Kf1 Bf6 32.Ke2 h6 33.Bd2 g5 34.Rc1 Rxc1 35.Bxc1 Bc6 36.Bd2 e6
37.f3 Be7 38.Be1 Bd6 39.h4 Ke7 40.Kf1 f6 41.Kg2 Kf7 42.Bg3 Bxg3 43.Kxg3 Ke7  1/2-1/2

[Event "TCh-MNE Premier League"]
[Site "Cetinje MNE"]
[Date "2010.07.27"]
[Round "4"]
[White "Blagojevic,Dr"]
[Black "Bozovic,N"]
[Result "0-1"]
[WhiteElo "2499"]
[BlackElo "2246"]

1.d4 Nf6 2.c4 g6 3.Nf3 Bg7 4.g3 O-O 5.Bg2 d6 6.O-O Nc6 7.Nc3 a6 8.b3 Rb8
9.e3 e5 10.dxe5 Ng4 11.Bb2 Ngxe5 12.Nxe5 Nxe5 13.Qe2 b5 14.f4 Ng4 15.h3 Nf6
16.Rad1 bxc4 17.Qxc4 Bb7 18.e4 Nd7 19.Rf2 Nb6 20.Qd3 Re8 21.Kh2 Qe7 22.Re2 h5
23.Rde1 h4 24.g4 Nd7 25.Nd5 Bxd5 26.exd5 Qf8 27.Bxg7 Kxg7 28.Qc3+ Kg8 29.Qxc7 Nc5
30.Qa5 Rxe2 31.Rxe2 Re8 32.Qe1 Rxe2 33.Qxe2 Qb8 34.Qe7 Nd3 35.Qe3 Nc5 36.Qe7 Nd3
37.Qe3 Nc5 38.f5 Qd8 39.fxg6 fxg6 40.b4 Na4 41.Bf1 Kh7 42.g5 Nb6 43.Qd4 Nd7
44.Qxh4+ Kg8 45.Qf4 Ne5 46.h4 Qc8 47.h5 Qc2+ 48.Kg1 gxh5 49.a3 Qd1 50.Qe4 Nf3+
51.Kf2 Qxf1+ 52.Kg3 h4+ 53.Kg4 Qg2+ 54.Kf4 Qg3+  0-1

[Event "TCh-MNE Premier League"]
[Site "Cetinje MNE"]
[Date "2010.07.27"]
[Round "4"]
[White "Stojanovic,Mih"]
[Black "Markus,Rob"]
[Result "1/2-1/2"]
[WhiteElo "2557"]
[BlackElo "2616"]

1.d4 Nf6 2.c4 g6 3.Nf3 Bg7 4.g3 O-O 5.Bg2 d6 6.O-O Nbd7 7.Nc3 e5 8.e3 Re8
9.b3 c6 10.a4 a5 11.Ba3 exd4 12.exd4 d5 13.cxd5 Nxd5 14.Nxd5  1/2-1/2

[Event "3rd Open"]
[Site "Paleochora GRE"]
[Date "2010.07.27"]
[Round "7"]
[White "Rychagov,A"]
[Black "Banikas,H"]
[Result "1/2-1/2"]
[WhiteElo "2538"]
[BlackElo "2591"]

1.d4 Nf6 2.c4 g6 3.Nf3 Bg7 4.g3 O-O 5.Bg2 d6 6.O-O Nbd7 7.Qc2 e5 8.Rd1 Qe7
9.Nc3 c6 10.e4 exd4 11.Nxd4 Re8 12.Bf4 Ne5 13.Qe2 a6 14.h3 Bd7 15.a4 Rad8
16.Re1 Nh5 17.Be3 Be6 18.Nxe6 fxe6 19.g4 Nf6 20.f4 Nf7 21.Rad1 Nd7 22.Qd2 e5
23.f5 Bf6 24.Rf1 Bh4 25.a5 Kh8 26.Kh1 Rg8 27.b4 Nf6 28.Qe2 gxf5 29.Rxf5 Nd7  1/2-1/2

[Event "ch-AUT"]
[Site "Vienna AUT"]
[Date "2010.07.27"]
[Round "4"]
[White "Froewis,G"]
[Black "Pilaj,H"]
[Result "1-0"]
[WhiteElo "2279"]
[BlackElo "2362"]

1.d4 Nf6 2.c4 g6 3.g3 Bg7 4.Bg2 O-O 5.Nf3 d6 6.O-O Nbd7 7.Nc3 e5 8.e4 a6
9.h3 exd4 10.Nxd4 Re8 11.Bf4 Ne5 12.b3 Bd7 13.Rc1 c5 14.Nde2 Bc6 15.Rc2 b5
16.Rd2 Bf8 17.cxb5 axb5 18.Bxe5 Rxe5 19.f4 Rxe4 20.Bxe4 Bxe4 21.Nxb5 Qd7
22.f5 Qxb5 23.fxg6 Be7 24.gxf7+ Kxf7 25.Rxd6 c4 26.Qd4 Bf5 27.a4 Qb4 28.Rxf6+ Bxf6
29.Qd5+ Be6 30.Qxa8 Qb6+ 31.Kh2 cxb3 32.Qh8 Bc4 33.Qxh7+ Kf8 34.Qh4  1-0

[Event "Tch-POR 1st Div Final"]
[Site "Vila Nova de Gaia POR"]
[Date "2010.07.27"]
[Round "4.2"]
[White "Gemy,J"]
[Black "Talla,V"]
[Result "0-1"]
[WhiteElo "2300"]
[BlackElo "2476"]

1.Nf3 Nf6 2.d4 g6 3.c4 Bg7 4.g3 O-O 5.Bg2 d6 6.O-O Nc6 7.d5 Na5 8.Nbd2 c5
9.dxc6 Nxc6 10.e4 a6 11.Qc2 Be6 12.Ng5 Bd7 13.Rb1 Rc8 14.Qd1 b5 15.cxb5 axb5
16.b4 Ne5 17.Bb2 Nc4 18.Nxc4 Rxc4 19.e5 dxe5 20.Bxe5 Bf5 21.Rb2 Qc8 22.Re1 Rd8
23.Qa1 Bf8 24.Rb3 Ng4 25.Bb2 Rd2 26.Bf1 Rcc2 27.Rc3 Qa6 28.Rxc2 Rxc2 29.Rd1 Rc4
30.a3 Bd3 31.Rd2 Bxf1 32.Qxf1 h6 33.Nf3 Bg7 34.Rd8+ Kh7 35.Bxg7 Kxg7 36.Qa1+ Nf6
37.Qe5 Qxa3 38.Qxe7 Qxb4 39.Rd6 Ng4 40.h3 Re4 41.Qd7 Ne5 42.Nxe5 Rxe5 43.Qc6 Qe1+
44.Kg2 Qe4+ 45.Qxe4 Rxe4 46.Rb6 Re5 47.Kf3 Kf8 48.Rb7 h5 49.h4 Kg7 50.Rb6 Kf8
51.Rb7 Ke8 52.Kf4 Rf5+ 53.Ke3 Kd8 54.f3 Kc8 55.Ra7 b4 56.g4 b3 57.Ra1 Rb5
58.Rb1 b2 59.gxh5 gxh5 60.Kd3 Kd7 61.Kc4 Rb8 62.Kd5 Ke7 63.Ke5 Rb5+ 64.Kf4 Kf6
65.Kg3 Kf5 66.Kg2 Ke5 67.Kf2 Kd4 68.Ke2 Kc3  0-1

[Event "19th Open"]
[Site "Kavala GRE"]
[Date "2010.07.31"]
[Round "2"]
[White "Sargissian,G"]
[Black "Harika,D"]
[Result "1/2-1/2"]
[WhiteElo "2673"]
[BlackElo "2504"]

1.d4 Nf6 2.c4 g6 3.Nf3 Bg7 4.g3 O-O 5.Bg2 d6 6.Nc3 Nc6 7.O-O a6 8.d5 Na5
9.Nd2 c5 10.Rb1 Bf5 11.e4 Bd7 12.b3 e5 13.Bb2 b5 14.Qe2 Bh6 15.Bc1 Rb8 16.cxb5 axb5
17.b4 cxb4 18.Rxb4 Qc7 19.Ndb1  1/2-1/2

[Event "Tch-POR 1st Div Final"]
[Site "Vila Nova de Gaia POR"]
[Date "2010.07.31"]
[Round "8.2"]
[White "Hoffmann,Micha1"]
[Black "Talla,V"]
[Result "1/2-1/2"]
[WhiteElo "2517"]
[BlackElo "2476"]

1.d4 Nf6 2.c4 g6 3.g3 Bg7 4.Bg2 O-O 5.Nf3 d6 6.O-O Nc6 7.Nc3 a6 8.Qd3 e5
9.dxe5 dxe5 10.Qxd8 Rxd8 11.Bg5 Re8 12.Rfd1 h6 13.Bxf6 Bxf6 14.Nd5 Bd8 15.c5 Kg7
16.Nd2 Be6 17.Ne4 Rb8 18.Nec3 Ne7 19.Nxe7 Bxe7 20.c6 bxc6 21.Bxc6 Red8 22.b3 Ba3
23.Rxd8 Rxd8 24.Rd1 Rxd1+ 25.Nxd1 Kf8 26.Nc3 Ke7 27.Kf1 Bb4 28.Nd5+ Kd8  1/2-1/2

[Event "GM"]
[Site "Szombathely HUN"]
[Date "2010.08.01"]
[Round "6"]
[White "Baldauf,Marc"]
[Black "Szabo,G ROM"]
[Result "1/2-1/2"]
[WhiteElo "2363"]
[BlackElo "2568"]

1.d4 g6 2.c4 Bg7 3.Nf3 d6 4.g3 Nf6 5.Bg2 O-O 6.Nc3 Nc6 7.O-O a6 8.Qd3 Bf5
9.e4 Bg4 10.Bg5 Nd7 11.Be3 Bxf3 12.Bxf3 e5 13.d5 Nd4 14.Bg2 c5 15.dxc6 bxc6
16.b4 Qb8 17.Rab1 Ra7 18.Ne2 c5 19.bxc5 Nxc5 20.Rxb8 Nxd3 21.Rxf8+ Kxf8 22.Nxd4 exd4
23.Rd1 dxe3 24.Rxd3 exf2+ 25.Kxf2 Ke7 26.Rb3 Rc7 27.e5 dxe5 28.Bd5 Kd6 29.Rb6+ Kc5
30.Rxa6 f5 31.Ra8 e4 32.a4 Kd4 33.Ke2 g5 34.a5  1/2-1/2

[Event "111th US Open"]
[Site "Irvine USA"]
[Date "2010.08.04"]
[Round "?"]
[White "Castro,Hen"]
[Black "Mo,Kevin"]
[Result "0-1"]
[WhiteElo "2218"]
[BlackElo "1964"]

1.d4 Nf6 2.c4 g6 3.Nf3 Bg7 4.g3 O-O 5.Bg2 d6 6.O-O Nc6 7.d5 Na5 8.Nfd2 c5
9.Nc3 a6 10.h3 Rb8 11.a4 e6 12.e4 exd5 13.cxd5 b5 14.axb5 axb5 15.Re1 Nd7
16.Bf1 c4 17.Qc2 Nc5 18.Rb1 b4 19.h4 bxc3 20.bxc3 Rxb1 21.Nxb1 Ba6 22.Bg5 Qc7
23.Nd2 Re8 24.Ra1 Nab3 25.Re1 Nxd2 26.Qxd2 Rxe4 27.Rb1 Re8 28.f3 Nd3 29.Be3 Qa5
30.Bxd3 cxd3 31.Bh6 Bxh6 32.Qxh6 Qxd5 33.Qf4 d2 34.c4 d1=Q+  0-1

[Event "19th Open"]
[Site "Kavala GRE"]
[Date "2010.08.05"]
[Round "7"]
[White "Atalik,S"]
[Black "Shyam,SM"]
[Result "1/2-1/2"]
[WhiteElo "2607"]
[BlackElo "2414"]

1.d4 Nf6 2.c4 g6 3.Nf3 Bg7 4.g3 O-O 5.Bg2 d6 6.O-O Nbd7 7.Qc2 c6 8.Rd1 Qc7
9.e4 e5 10.Nc3 Re8 11.h3 a6 12.Be3 exd4 13.Nxd4 Ne5 14.b3 c5 15.Nde2 Be6
16.Rac1 Rad8 17.f4 Nc6 18.Bf2 h5 19.f5 Bc8 20.Nf4 Nd4 21.Ncd5 Nxd5 22.Nxd5 Nxc2
23.Nxc7 Nd4 24.Nxe8 Rxe8 25.Bxd4 Bxd4+ 26.Rxd4 cxd4 27.fxg6 f5 28.Rd1 fxe4
29.Rxd4 e3 30.Re4 Rxe4 31.Bxe4 Bxh3 32.Bxb7 a5 33.Bf3 Bf5 34.a3 Bxg6 35.Kf1 Bd3+
36.Be2 Bg6 37.Ke1 Kf8 38.Bf1 Bf7 39.Ke2 a4 40.Kxe3 axb3 41.Kd4 d5 42.cxd5 b2
43.Bd3 Kg7 44.Kc3 Bxd5 45.Kxb2 Bc6 46.Kc3 Kf6 47.Kb4 Kg5 48.Be2 Be8 49.Bb5 Bg6
50.a4 Kg4 51.Kc3 Kxg3 52.Bc6 Bf5 53.Bb7 Bd7 54.a5 Bb5 55.Kb4 Be2 56.a6 Bxa6
57.Bxa6  1/2-1/2

[Event "19th Open"]
[Site "Kavala GRE"]
[Date "2010.08.05"]
[Round "7"]
[White "Javakhishvili,L"]
[Black "Makropoulou,M"]
[Result "1-0"]
[WhiteElo "2469"]
[BlackElo "2231"]

1.d4 Nf6 2.c4 g6 3.Nf3 Bg7 4.g3 d6 5.Bg2 O-O 6.Nc3 Nc6 7.O-O Bf5 8.Ne1 Qc8
9.e4 Bh3 10.f3 e5 11.d5 Nd4 12.Nc2 Bxg2 13.Kxg2 Nxc2 14.Qxc2 Nh5 15.Be3 f5
16.exf5 gxf5 17.c5 dxc5 18.Bxc5 Rf6 19.Bf2 Kh8 20.a4 Rg6 21.Kh1 Qd7 22.Qe2 Re8
23.Kg1 Nf6 24.Qb5 Qc8 25.Bxa7 b6 26.a5 e4 27.axb6 cxb6 28.f4 Nd7 29.Rfc1 Qb7
30.Qa6 Qxa6 31.Rxa6 e3 32.Re1 Bd4 33.Re2 Rc8 34.Nb5 Rc1+ 35.Kg2 Bc5 36.Nc7 Rd1
37.b4 Rd2 38.Kf3 Rxe2 39.Kxe2 Bxb4 40.Ne6 Ba5 41.Kxe3 h5 42.Ng5 Rg8 43.Nf7+ Kh7
44.Ne5 Nf6 45.Kd4 Rd8 46.Bxb6 Bxb6+ 47.Rxb6 Nxd5 48.Rb7+ Kg8 49.Nf7  1-0

[Event "Troya Open"]
[Site "Canakkale TUR"]
[Date "2010.08.07"]
[Round "1"]
[White "Khurtsidze,N"]
[Black "Soysal,I"]
[Result "1-0"]
[WhiteElo "2443"]
[BlackElo "1676"]

1.d4 Nf6 2.c4 g6 3.Nf3 Bg7 4.g3 O-O 5.Bg2 d6 6.O-O Nbd7 7.Nc3 e5 8.Qc2 Re8
9.Rd1 c6 10.b3 exd4 11.Nxd4 Qc7 12.e4 Nc5 13.h3 Bd7 14.Bf4 Nh5 15.Be3 Rad8
16.b4 Ne6 17.Nde2 Nf8 18.g4 Nf6 19.Bf4 h5 20.Bxd6 Qc8 21.g5 N6h7 22.h4 Bh3
23.Bg3 Bxg2 24.Kxg2 f6 25.gxf6 Bxf6 26.Rxd8 Rxd8 27.Rd1 Rxd1 28.Qxd1 Qe6
29.c5 Qe7 30.Bd6 Qd7 31.Bxf8 Qg4+ 32.Ng3 Qxd1 33.Nxd1 Nxf8 34.Kh3 Ne6 35.Ne2 a5
36.a3 axb4 37.axb4 Be5 38.Ne3 Nf4+ 39.Nxf4 Bxf4 40.Nc4 Kf8 41.Kg2 Bc7 42.Kf3 Ke7
43.Na5 b6 44.Nxc6+ Kd7 45.cxb6  1-0

[Event "Open"]
[Site "Arad ROU"]
[Date "2010.08.11"]
[Round "8"]
[White "Jianu,V"]
[Black "Rusan,P"]
[Result "1-0"]
[WhiteElo "2504"]
[BlackElo "2254"]

1.d4 Nf6 2.c4 g6 3.g3 Bg7 4.Bg2 O-O 5.Nf3 d6 6.O-O c6 7.Nc3 Qa5 8.e4 Qh5
9.Ng5 h6 10.Qxh5 Nxh5 11.Nf3 Bg4 12.Be3 Nd7 13.h3 Bxf3 14.Bxf3 Nhf6 15.Rfd1 Rfd8
16.Rd2 e6 17.Rad1 Nb6 18.b3 d5 19.e5 Ne8 20.Be2 Bf8 21.Rc2 a5 22.Rb1 Kh7
23.Na4 Nc8 24.g4 Be7 25.f4 Nc7 26.Kh2 f6 27.Rf1 Kg7 28.c5 Rf8 29.Kg3 f5 30.Bd3 Bd8
31.Kh2 Na6 32.Rg2 Ne7 33.Rfg1 Rh8 34.gxf5 exf5 35.Bf2 Kf7 36.Bh4 Rg8 37.e6+ Kxe6
38.Nb6 Ra7 39.Re2+ Kf7 40.Nd7 b5 41.Ne5+ Ke8 42.Nxc6 Nb4 43.Nxa7 Nxd3 44.Bxe7 Nxf4
45.Re3 Kd7 46.c6+ Kc7 47.Bxd8+ Rxd8 48.Re7+  1-0

[Event "Negroponte Open"]
[Site "Chalkis GRE"]
[Date "2010.08.11"]
[Round "3"]
[White "Romanishin,O"]
[Black "Mandon,F"]
[Result "1/2-1/2"]
[WhiteElo "2544"]
[BlackElo "2202"]

1.d4 Nf6 2.Nf3 g6 3.g3 Bg7 4.c4 d6 5.Bg2 O-O 6.O-O Nc6 7.Nc3 a6 8.b3 Rb8
9.Bb2 b5 10.cxb5 axb5 11.Rc1 b4 12.Nb1 Na5 13.Qc2 c6 14.e4 d5 15.Nbd2 dxe4
16.Nxe4 Be6 17.Ne5 Nxe4 18.Bxe4 Bd5 19.Qe2 Rb5 20.Bd3 Rb7 21.Rc5 Ra7 22.Ba1 Qa8
23.Rcc1 Nb7 24.Bb1 Nd6 25.Bb2 Qb7 26.Rc5 e6 27.Rfc1 Nf5 28.Nxc6 Bxc6 29.Rxc6 Nxd4
30.Bxd4 Bxd4 31.Be4 Qe7 32.R6c4  1/2-1/2

[Event "Open"]
[Site "Arad ROU"]
[Date "2010.08.12"]
[Round "9"]
[White "Szabo,G ROM"]
[Black "Jianu,V"]
[Result "1/2-1/2"]
[WhiteElo "2568"]
[BlackElo "2504"]

1.d4 Nf6 2.c4 g6 3.Nf3 Bg7 4.g3 O-O 5.Bg2 d6 6.O-O Nc6 7.Nc3 a6 8.h3 Rb8
9.e4 b5 10.e5 dxe5 11.dxe5 Qxd1 12.Rxd1 Nd7 13.e6 fxe6 14.cxb5  1/2-1/2

[Event "Negroponte Open"]
[Site "Chalkis GRE"]
[Date "2010.08.14"]
[Round "6"]
[White "Malikentzos,S"]
[Black "Mamedov,Nid"]
[Result "0-1"]
[WhiteElo "2239"]
[BlackElo "2604"]

1.d4 Nf6 2.c4 g6 3.Nf3 Bg7 4.g3 O-O 5.Bg2 d6 6.O-O Nc6 7.Nc3 a6 8.b3 Rb8
9.Nd5 Nd7 10.Bb2 e6 11.Ne3 Ne7 12.Rc1 b6 13.Qd2 Bb7 14.Rfd1 h6 15.c5 Nf6
16.cxb6 cxb6 17.Nc4 b5 18.Na5 Be4 19.Ne1 Qb6 20.f3 Ba8 21.b4 e5 22.Nc2 e4
23.Ne3 exf3 24.exf3 Nfd5 25.a3 Rbc8 26.Nb3 Nxe3 27.Qxe3 Nf5 28.Qd2 Bd5 29.Rxc8 Rxc8
30.Nc1 Rc4 31.Ne2 Qc6 32.Rc1 Bxf3 33.Rxc4 bxc4 34.Bf1 Qe4 35.Qf4 Qc2 36.Qxf3 Qxb2
37.Qa8+ Kh7 38.Qxa6 c3 39.Qc4 c2 40.Qxf7 Nxd4 41.Nf4 Nf3+ 42.Kh1 Ne5  0-1

[Event "7th CHN-RUS w Rapid"]
[Site "Ningbo CHN"]
[Date "2010.08.14"]
[Round "17"]
[White "Gunina,V"]
[Black "Huang Qian"]
[Result "1/2-1/2"]
[WhiteElo "2462"]
[BlackElo "2447"]

1.d4 Nf6 2.Nf3 g6 3.c4 Bg7 4.g3 O-O 5.Bg2 d6 6.Nc3 Nbd7 7.O-O e5 8.e4 a6
9.Re1 c6 10.b3 b5 11.d5 cxd5 12.cxd5 Bb7 13.b4 Rc8 14.Qb3 Nb6 15.Nd2 Qc7
16.Bb2 Nc4 17.Nxc4 Qxc4 18.Qxc4 Rxc4 19.Bf1 Rc7 20.a4 bxa4 21.Rxa4 Rb8 22.Rb1 Bf8
23.Ba1 Ra8 24.Ra5 Be7 25.Bb2 Rb8 26.Bd3 Rcc8 27.Ra3 Kg7 28.Bc1 Bd8 29.Bd2 Ra8
30.Rba1 Rab8 31.Kf1 Bb6 32.Nd1 Bd4 33.R1a2 Nd7 34.Bxa6 Bxa6+ 35.Rxa6 Nb6
36.Ke2 Nc4 37.Rc6 Nxd2 38.Kxd2 Rd8 39.Ra4 Rd7 40.Ne3 h5 41.Kd3 h4 42.gxh4 Bxe3
43.fxe3 f5 44.Kc4 f4 45.exf4 exf4 46.Ra3 Re7 47.Rxd6 Rxe4+ 48.Kc5 Rbxb4 49.Ra7+ Kh6
50.Re6 Rec4+ 51.Kd6 f3 52.Rf7 Rf4 53.Rxf4 Rxf4 54.Re1 Rxh4 55.Rf1 Rxh2 56.Rxf3 Rd2
57.Ke6 g5 58.d6 g4 59.Rf8 Re2+ 60.Kd5 Rd2+ 61.Ke5 Kg5 62.Rd8 Kh4 63.Kf4 Rd4+
64.Ke3 Rd1 65.Kf4 Rd4+ 66.Ke5 Rd1 67.Ke6 Kg3 68.Rg8 Re1+ 69.Kf5 Rf1+ 70.Ke5 Re1+
71.Kf6 Rd1 72.Ke6 Kf3 73.Rf8+ Ke3 74.Rg8 Kf3 75.Rf8+ Ke3 76.d7 g3 77.Rg8 Kf2
78.Rf8+ Ke3 79.Rg8 Kf2 80.Rf8+ Ke3 81.d8=Q Rxd8 82.Rxd8 g2 83.Rg8 Kf2 84.Kd5  1/2-1/2

[Event "e2e4 Autumn Masters B"]
[Site "Uxbridge ENG"]
[Date "2010.08.14"]
[Round "6"]
[White "Arkell,K"]
[Black "Lefebvre,H"]
[Result "0-1"]
[WhiteElo "2465"]
[BlackElo "2268"]

1.d4 Nf6 2.Nf3 g6 3.c4 Bg7 4.g3 O-O 5.Bg2 d6 6.O-O Nc6 7.Nc3 a6 8.h3 Bd7
9.e4 e5 10.Be3 exd4 11.Nxd4 Re8 12.Rc1 Qc8 13.Kh2 Ne5 14.Nd5 c5 15.Nxf6+ Bxf6
16.Ne2 b5 17.b3 bxc4 18.bxc4 Be6 19.Qa4 Rb8 20.a3 Nd3 21.Rb1 Nb2 22.Qc2 Nxc4
23.Bc1 Rxb1 24.Qxb1 Qb8 25.Qc2 Bb2 26.Nf4 Bxc1 27.Qxc1 Na5 28.e5 Bc4 29.Nd5 Bxd5
30.Bxd5 Rxe5 31.Rd1 Qc7 32.Qd2 c4 33.f4 c3 34.Qd3 Re8 35.Rc1 Rc8 36.Qxa6 Qc5
37.Qd3 Qxa3 38.Rc2 Qb4 39.h4 Nb3 40.Qe3 Qd4 41.Qf3 Nd2 42.Bxf7+ Kxf7 43.Qb7+ Kf6  0-1

[Event "e2e4 Autumn Masters B"]
[Site "Uxbridge ENG"]
[Date "2010.08.15"]
[Round "8"]
[White "Beaumont,C"]
[Black "Lefebvre,H"]
[Result "1/2-1/2"]
[WhiteElo "2305"]
[BlackElo "2268"]

1.Nf3 Nf6 2.c4 g6 3.d4 Bg7 4.g3 O-O 5.Bg2 d6 6.Nc3 Nc6 7.O-O a6 8.Qd3 Bd7
9.d5 Nb4 10.Qd1 a5 11.a3 Na6 12.Be3 c6 13.Bd4 e5 14.dxe6 Bxe6 15.b3 h6 16.Rc1 Qe7
17.h3 d5 18.cxd5 Nxd5 19.Bxg7 Kxg7 20.Nd4 Nxc3 21.Nxe6+ Qxe6 22.Rxc3 Rad8
23.Qc2 Qd6 24.Bxc6 Qxa3 25.Bxb7 Nb4 26.Qc1 Qxc1 27.Rcxc1 Rd2 28.Bf3 Rfd8
29.Ra1 Nc2 30.Rxa5 Nd4 31.b4 Rb2  1/2-1/2

[Event "ch-FRA NatB"]
[Site "Belfort FRA"]
[Date "2010.08.16"]
[Round "7"]
[White "Le Roux,JP"]
[Black "Terrieux,K"]
[Result "1-0"]
[WhiteElo "2495"]
[BlackElo "2437"]

1.Nf3 Nf6 2.c4 g6 3.d4 Bg7 4.g3 O-O 5.Bg2 d6 6.O-O Nbd7 7.Nc3 e5 8.h3 c6
9.e4 exd4 10.Nxd4 Nb6 11.b3 c5 12.Nde2 Ne8 13.Be3 Bd7 14.Qd2 Bc6 15.Rad1 Qc7
16.Rfe1 Rb8 17.Nf4 a6 18.a4 Nd7 19.Nfd5 Qd8 20.Bg5 f6 21.Be3 Rf7 22.g4 Nf8
23.f4 f5 24.exf5 gxf5 25.gxf5 Bd7 26.Ne4 Rxf5 27.Ng3 Rf7 28.f5 Kh8 29.Bg5 Bd4+
30.Kh1 Qc8 31.Re7 Rxe7 32.Bxe7 Ng7 33.Bxd6 Nxf5 34.Nxf5 Bxf5 35.Ne7 Qe6 36.Nxf5 Rd8
37.Bxc5  1-0

[Event "Pan-Armenian Olym"]
[Site "Yerevan ARM"]
[Date "2010.08.17"]
[Round "3"]
[White "Pogosian,M"]
[Black "Minasyan,A"]
[Result "1-0"]
[WhiteElo "2364"]
[BlackElo "2216"]

1.d4 Nf6 2.Nf3 g6 3.g3 Bg7 4.Bg2 O-O 5.c4 d6 6.O-O c5 7.Nc3 cxd4 8.Nxd4 Nc6
9.Nc2 Be6 10.b3 Qa5 11.Bd2 Qh5 12.e4 Bg4 13.f3 Bh3 14.Qe2 Bxg2 15.Kxg2 e6
16.g4 Qc5 17.Na4 Qe5 18.g5 Nxe4 19.fxe4 d5 20.Bf4 Qxe4+ 21.Qxe4 dxe4 22.Rad1 b6
23.Rd7 Rfd8 24.Rfd1 Rdc8 25.Ne3 Nb4 26.Ng4 Nd3 27.Bc7 Kf8 28.Rf1  1-0

[Event "TCh-SRB 1st League"]
[Site "Vrnjacka Banja SRB"]
[Date "2010.08.21"]
[Round "1"]
[White "Jesenski,T"]
[Black "Cabrilo,G"]
[Result "1/2-1/2"]
[WhiteElo "2308"]
[BlackElo "2455"]

1.d4 Nf6 2.Nf3 g6 3.c4 Bg7 4.g3 O-O 5.Bg2 d6 6.O-O Nbd7 7.Nc3 e5 8.e3 Re8
9.b3 c6 10.a4 a5 11.Ba3 exd4 12.exd4 Nf8 13.Ra2 Bf5 14.h3 Ne4 15.Nxe4 Bxe4
16.Re2 d5 17.Rfe1 Ne6 18.Bb2 Qc7 19.Qd2 Red8 20.Ng5 Nxg5 21.Qxg5 Bxg2 22.Kxg2 Bf8
23.c5 h6 24.Qh4 Qd7  1/2-1/2

[Event "6th Geller Memorial Open A"]
[Site "Odessa UKR"]
[Date "2010.08.22"]
[Round "2"]
[White "Pavlov,S2"]
[Black "Tregubov,V"]
[Result "1-0"]
[WhiteElo "2524"]
[BlackElo "2255"]

1.c4 Nf6 2.Nf3 g6 3.d4 Bg7 4.g3 O-O 5.Bg2 d6 6.Nc3 Nc6 7.O-O Bg4 8.h3 Bxf3
9.Bxf3 Nd7 10.e3 e5 11.dxe5 Ndxe5 12.Be2 Re8 13.Rb1 Nd7 14.Qd2 a5 15.b3 Nc5
16.Bb2 h5 17.Bf3 Ne5 18.Bg2 a4 19.Bc1 axb3 20.axb3 c6 21.Ne2 Ned3 22.b4 Nxc1
23.Rfxc1 Ne4 24.Qd3 Qe7 25.Rc2 f5 26.h4 Bh6 27.b5 Nc5 28.Qd1 Ne4 29.bxc6 bxc6
30.Nd4 Rec8 31.Nxc6 Qe8 32.Nd4 d5 33.Nb5 Qc6 34.Rbc1 Rd8 35.Nd4 Qe8 36.cxd5 Rxd5
37.Rc7 Rb8 38.Qd3 Kh8 39.Qc4 Rd6 40.Bxe4 fxe4 41.Nc6  1-0

[Event "TCh-SRB 1st League"]
[Site "Vrnjacka Banja SRB"]
[Date "2010.08.22"]
[Round "2"]
[White "Cabrilo,G"]
[Black "Saric,S"]
[Result "1/2-1/2"]
[WhiteElo "2455"]
[BlackElo "2447"]

1.d4 Nf6 2.Nf3 g6 3.g3 Bg7 4.Bg2 O-O 5.c4 d6 6.Nc3 Na6 7.O-O c5 8.d5 Nc7
9.a4 a6 10.h3 Rb8 11.a5 Nd7 12.Bd2 b5 13.axb6 Nxb6 14.b3 e6 15.e4 e5 16.Ne1 f5
17.exf5 gxf5 18.f4 Nd7 19.Ra2 e4 20.Ne2 Nf6 21.Ra3 Qe8 22.Nc2 Na8 23.Ne3 h5
24.h4 Qg6 25.Bh3 Rf7 26.Kh2 Kh7 27.Qc2 Ng4+ 28.Bxg4 hxg4 29.Rb1 Rc7 30.Kg2 Qf7
31.Bc3 Bxc3 32.Qxc3 Qg7 33.Qxg7+ Kxg7 34.Kf2 Kf6 35.Ke1 Nb6 36.Kd2 Nd7 37.Ra2 Rbb7
38.Nc3 Nb8 39.Rab2 Rb4 40.Na2 Rb6 41.Nc3 Rb4 42.Ra2 Rcb7 43.Kc2 Bd7 44.Ra5 R4b6
45.Ne2 Bc8 46.Kc3  1/2-1/2